| Tag |
First Indicator |
Second Indicator |
Subfields |
| LEADER |
00000cam a2200000 a 4500 |
| 001 |
in00000036231 |
| 005 |
20151007055417.0 |
| 008 |
870303s1988 wauaf b s00110 eng |
| 010 |
|
|
|a 87006222
|
| 020 |
|
|
|a 029596507X
|
| 035 |
|
|
|a (OCoLC)15365688
|
| 035 |
|
|
|9 AAB8175AM
|
| 040 |
|
|
|a DLC
|c DLC
|d TXA
|d UtOrBLW
|
| 043 |
|
|
|a a-ko---
|
| 049 |
|
|
|a TXAM
|
| 050 |
0 |
0 |
|a HN730.5.A8
|b S67 1988
|
| 082 |
0 |
|
|a 307.7/2/095195
|2 19
|
| 100 |
1 |
|
|a Sorensen, Clark W.,
|d 1948-
|
| 245 |
1 |
0 |
|a Over the mountains are mountains :
|b Korean peasant households and their adaptations to rapid industrialization /
|c Clark W. Sorensen.
|
| 264 |
|
1 |
|a Seattle :
|b University of Washington Press,
|c [1988]
|
| 264 |
|
4 |
|c ©1988
|
| 300 |
|
|
|a x, 308 pages, 16 unnumbered pages of plates :
|b illustrations ;
|c 24 cm.
|
| 336 |
|
|
|a text
|b txt
|2 rdacontent
|
| 337 |
|
|
|a unmediated
|b n
|2 rdamedia
|
| 338 |
|
|
|a volume
|b nc
|2 rdacarrier
|
| 490 |
1 |
|
|a Korean studies of the Henry M. Jackson School of International Studies
|
| 504 |
|
|
|a Includes bibliographical references (pages 281-294) and index.
|
| 651 |
|
0 |
|a Korea (South)
|x Rural conditions
|x Case studies.
|
| 650 |
|
0 |
|a Peasants
|z Korea (South)
|x Case studies.
|
| 650 |
|
0 |
|a Economic development
|x Social aspects
|z Korea (South)
|x Case studies.
|
| 650 |
|
0 |
|a Rural families
|z Korea (South)
|x Case studies.
|
| 830 |
|
0 |
|a Korean studies of the Henry M. Jackson School of International Studies.
|
| 944 |
|
|
|a stk
|h REPL<24180>REP-LATEST<>REF<nnorthup>
|m Replacement on order
|
| 999 |
|
|
|a MARS
|
| 999 |
f |
f |
|s fe0a2ec8-bc33-3ecd-9904-8b2027d92177
|i 7d331ef1-3fd1-3815-9f1c-cfd66d4e5231
|t 0
|
| 952 |
f |
f |
|p normal
|a Texas A&M University
|b College Station
|c Sterling C. Evans Library
|d Evans: Library Stacks
|t 0
|e HN730.5.A8 S67 1988
|h Library of Congress classification
|i unmediated -- volume
|m A14833118148
|
| 998 |
f |
f |
|a HN730.5.A8 S67 1988
|t 0
|l Evans: Library Stacks
|